000 00719nam a2200253 a 4500
999 _c8737
_d8737
001 8737
003 BD-JhCC
005 20180924121930.0
008 180203s1971 u a 001 0 eng d
035 _a(BD-JhCC)8737
040 _aBD-JhCC
_cMFS
_dBD-JhCC
041 _aeng
082 _bATK 1971
_a540
090 _aDS436.A1
_bH5 v.9-10
100 _aAtkinson, Arthur
245 0 0 _aModern Certificate Chemistry /
_cArthur Atkinson,
260 _aNew York :
_bOxford University Press,
_c1971
300 _a176 p. :
_bill. ;
_c25 cm
504 _aIncludes bibliographies and indexes
650 _aChemistry
651 0 _aIndia
_xHistory
_yBritish occupation, 1765-1947
942 _2ddc
_cBK